Top 10 Arsenal Premier League Appearances - Statistics

General Stats
  • This quiz has been taken 334 times
  • The average score is 6 of 10
Answer Stats
Player Apps % Correct
Thierry Henry 258
98%
Patrick Vieira 279
81%
Dennis Bergkamp 314
79%
David Seaman 325
71%
Theo Walcott 270
50%
Lee Dixon 304
47%
Aaron Ramsey 262
42%
Martin Keown 310
41%
Ray Parlour 332
41%
Nigel Winterburn 270
33%
No matching quizzes found
Score Distribution
Percent of People with Each Score
Percentile by Number Answered
Your Score History
You have not taken this quiz